Elementary Structures for Architects and Builders / (Record no. 2472)

MARC details
000 -LEADER
fixed length control field 00983nac a22002411u 4500
008 - FIXED-LENGTH DATA ELEMENTS--GENERAL INFORMATION
fixed length control field 100907t xxu||||| |||| 00| 0 eng d
010 ## - LIBRARY OF CONGRESS CONTROL NUMBER
LC control number 2006027559
020 ## - INTERNATIONAL STANDARD BOOK NUMBER
International Standard Book Number 0131186558
035 ## - SYSTEM CONTROL NUMBER
System control number (OCoLC)ocm71286591
035 ## - SYSTEM CONTROL NUMBER
System control number (OCoLC)71286591
082 00 - DEWEY DECIMAL CLASSIFICATION NUMBER
Classification number 624.17
Item number SHA
100 ## - MAIN ENTRY--PERSONAL NAME
Personal name Shaeffer, R. E.
9 (RLIN) 18517
245 10 - TITLE STATEMENT
Title Elementary Structures for Architects and Builders /
Statement of responsibility, etc R.E. Shaeffer.
250 ## - EDITION STATEMENT
Edition statement 5th ed.
260 ## - PUBLICATION, DISTRIBUTION, ETC. (IMPRINT)
Place of publication, distribution, etc Upper Saddle River, N.J. :
Name of publisher, distributor, etc Pearson Prentice Hall,
Date of publication, distribution, etc 2007.
300 ## - PHYSICAL DESCRIPTION
Extent xii, 531 p. :
Other physical details ill. ;
Dimensions 27 cm.
500 ## - GENERAL NOTE
General note Includes index.
650 #0 - SUBJECT ADDED ENTRY--TOPICAL TERM
Topical term or geographic name as entry element Structural analysis (Engineering)
9 (RLIN) 18518
650 #0 - SUBJECT ADDED ENTRY--TOPICAL TERM
Topical term or geographic name as entry element Structural design.
9 (RLIN) 18519
856 41 - ELECTRONIC LOCATION AND ACCESS
Materials specified Table of contents only
Uniform Resource Identifier <a href="http://www.loc.gov/catdir/toc/ecip0620/2006027559.html">http://www.loc.gov/catdir/toc/ecip0620/2006027559.html</a>
942 ## - ADDED ENTRY ELEMENTS (KOHA)
Item type Book - Borrowing
Call number prefix 624.17SHA
Source of classification or shelving scheme Dewey Decimal Classification
Holdings
Withdrawn status Item status Source of classification or shelving scheme Damaged status Not for loan Vendor Home library Current library Shelving location Date acquired Source of acquisition Cost, normal purchase price Total Checkouts Total Renewals Full call number Barcode Date last seen Date last borrowed Cost, replacement price Koha item type
    Dewey Decimal Classification       Central Library Central Library First floor 07/09/2010   180.00 4 6 624.17 SHA 000001869 15/07/2025 12/10/2016 225.00 Book - Borrowing